Statystyki dla Państwo po trzech skojarzeniach

Kliknij tutaj aby rozwiązać quiz!

Ogólne statystyki

  • Ten quiz został rozwiązany 70 razy
    (55 od ostatniego zresetowania)
  • Średni wynik to 18 z 22

Statystyki odpowiedzi

PodpowiedziSkojarzenie / Kraj% Poprawnych
Jangcy, podróbki, TajwanChiny
100%
Nowy Jork, Missisipi, World Trade CenterStany Zjednoczone
100%
Orzeł, jabłka, rok 1918Polska
98%
Król Julian, Antananarywa, wyspaMadagaskar
96%
Wojny światowe, czarny orzeł na żółtym tle, OdraNiemcy
96%
Chrześcijaństwo, Papież, RzymWatykan
94%
Reykjavik, gejzery, wielorybyIslandia
91%
Zupka chińska, makaki, JokohamaJaponia
91%
Piramidy, Sfinks, państwo arabskieEgipt
89%
Krym, wojna, RosjaUkraina
87%
Rowery, tulipany, wiatrakiHolandia / Niderlandy
85%
Islam, Syria, Imperium OsmańskieTurcja
85%
Niemcy, Alpy, sporty zimoweAustria
83%
Kraj bałtycki, unia z Polską, Ostra BramaLitwa
83%
Budda, Mount Everest, dziwna flagaNepal
83%
Fiordy, unia personalna, TrondheimNorwegia
77%
Morze, Bałkany, IstriaChorwacja
74%
Blisko Indii, wyspa, KolomboSri Lanka
66%
Wojna, Talibowie, terroryzmAfganistan
64%
Zakon, wyspy, WłochyMalta
64%
Azerbejdżan, Kaukaz, Górski KarabachArmenia
60%
Wino, oaza, Morze ŚródziemneTunezja
23%

Rozkład punktacji

Percentyl według liczby udzielonych odpowiedzi

Procent ludzi z każdym wynikiem

Twoja historia wyników

Nie rozwiązałeś tego quizu od ostatniego zresetowania